000
00316nam a2200109Ia 4500
008
171211s9999 xx 000 0 und d
245
_a
America's Favorite Radio Station: WKRP in Cincinnati
245
_c
Michael B. Kassel
260
_c
1993
650
_x
music
856
_u
http://down.ebook777.com/062/0879725850.pdf
999
_c
348656
_d
348656